[Event "Asia Eastern-ch U20"]
[Site "Gangneung"]
[Date "2018.08.06"]
[Round "6"]
[White "Tan, Soon Wei Dawson"]
[Black "Baasansuren, Erdene"]
[Result "1-0"]
[WhiteElo "1895"]
[BlackElo "2240"]
[PlyCount "79"]
[EventDate "2018.08.02"]
[EventType "swiss"]
[EventRounds "9"]
[EventCountry "KOR"]
[SourceTitle "CBM 186 Extra"]
[Source "ChessBase"]
[SourceDate "2018.08.24"]
[SourceVersion "1"]
[SourceVersionDate "2018.08.24"]
[SourceQuality "1"]

1. e4 c5 2. Nf3 d6 3. d4 cxd4 4. Nxd4 Nf6 5. Nc3 Bd7 6. Be2 Nc6 7. 0-0 g6 8. Be3 Bg7 9. h3 0-0 10. Qd2 Rc8 11. Rad1 a6 12. Rfe1 b5 13. a3 Qc7 14. f4 Na5 15. Nf3 Bc6 16. Bd3 Ba8 17. Qf2 Nc4 18. Bxc4 Qxc4 19. Bd4 Nh5 20. Bxg7 Kxg7 21. Qd2 a5 22. g4 Nf6 23. Qd4 b4 24. axb4 axb4 25. g5 Qxd4+ 26. Nxd4 Nh5 27. Nd5 Bxd5 28. exd5 Nxf4 29. Rxe7 Rfe8 30. Rd7 Rc4 31. Ne6+ Nxe6 32. dxe6 Rxe6 33. Rf1 Kf8 34. Rdxf7+ Ke8 35. Rxh7 Rxc2 36. Ra1 Rc8 37. Rh8+ Kd7 38. Ra7+ Rc7 39. Rh7+ Re7 40. Rxc7+ 1-0

[Event "Asia Eastern-ch U20"]
[Site "Gangneung"]
[Date "2018.08.03"]
[Round "3"]
[White "Kwon, Sehyun"]
[Black "Tan, Soon Wei Dawson"]
[Result "1-0"]
[WhiteElo "2142"]
[BlackElo "1895"]
[PlyCount "103"]
[EventDate "2018.08.02"]
[EventType "swiss"]
[EventRounds "9"]
[EventCountry "KOR"]
[SourceTitle "CBM 186 Extra"]
[Source "ChessBase"]
[SourceDate "2018.08.24"]
[SourceVersion "1"]
[SourceVersionDate "2018.08.24"]
[SourceQuality "1"]

1. e4 c5 2. Nf3 d6 3. Bb5+ Bd7 4. Bxd7+ Qxd7 5. 0-0 Nc6 6. Re1 e6 7. c3 Nf6 8. d4 cxd4 9. cxd4 d5 10. e5 Ne4 11. Nbd2 Nxd2 12. Bxd2 Be7 13. Rc1 0-0 14. Rc3 Rfc8 15. a3 b5 16. Rd3 Qd8 17. h4 h6 18. h5 b4 19. a4 Na5 20. b3 Rc7 21. g4 Rac8 22. Kh1 Kh8 23. Rg1 Qg8 24. g5 hxg5 25. Bxg5 Bxg5 26. Nxg5 Rc3 27. Qf3 R8c7 28. h6 Rxd3 29. Qxd3 g6 30. Qf3 Qd8 31. Qxf7 Qe7 32. Qxg6 Nxb3 33. h7 Qxh7+ 34. Nxh7 Rxh7+ 35. Kg2 Rg7 36. Qxg7+ Kxg7 37. Kf3+ Kf7 38. Ke3 Na5 39. Kd3 Nc4 40. a5 b3 41. Kc3 Nxa5 42. Ra1 b2 43. Kxb2 Nc4+ 44. Kc3 a5 45. Ra4 Kg6 46. Rxc4 dxc4 47. Kxc4 Kf5 48. f3 Kf4 49. Kb5 Kxf3 50. d5 exd5 51. e6 d4 52. Kc4 1-0

[Event "Hong Kong Jolimark op"]
[Site "Hong Kong"]
[Date "2016.12.29"]
[Round "7"]
[White "Tan, Soon Wei Dawson"]
[Black "Leung, Ho Yan Andrew"]
[Result "1-0"]
[WhiteElo "1889"]
[BlackElo "2009"]
[PlyCount "101"]
[EventDate "2016.12.26"]
[EventType "swiss"]
[EventRounds "9"]
[EventCountry "HKG"]
[SourceTitle "CBM 176 Extra"]
[Source "ChessBase"]
[SourceDate "2017.03.02"]
[SourceVersion "1"]
[SourceVersionDate "2017.03.02"]
[SourceQuality "1"]

1. e4 c5 2. Nf3 d6 3. d4 cxd4 4. Nxd4 Nf6 5. Nc3 a6 6. Bc4 e6 7. Bb3 Nbd7 8. f4 Nc5 9. e5 dxe5 10. fxe5 Nxb3 11. axb3 Nd7 12. Bf4 Be7 13. 0-0 0-0 14. Qg4 f5 15. exf6 Nxf6 16. Qd1 Bc5 17. Be3 e5 18. Nf5 Qc7 19. Bxc5 Qxc5+ 20. Kh1 Bxf5 21. Rxf5 g6 22. Rxf6 Rxf6 23. Ne4 Qe7 24. Nxf6+ Qxf6 25. Qd5+ Qf7 26. Qxe5 Re8 27. Qc3 Qf2 28. Qc4+ Qf7 29. Qd3 Qf5 30. Qd2 Qe5 31. Rf1 Qe2 32. Qf4 Qe4 33. Qf7+ Kh8 34. Qf6+ Kg8 35. Qf7+ Kh8 36. h3 Qe7 37. Qc4 Kg7 38. Rd1 Qe5 39. Rd7+ Re7 40. Qc3 Qxc3 41. Rxe7+ Kf6 42. bxc3 Kxe7 43. Kg1 a5 44. Kf2 b5 45. Ke3 a4 46. Kd2 Kd6 47. Kc1 h5 48. h4 Kd5 49. Kb2 Kc6 50. c4 Kb6 51. cxb5 1-0

[Event "Penang op 8th"]
[Site "Penang"]
[Date "2016.12.08"]
[Round "6"]
[White "Norbaev, Nabijon"]
[Black "Tan, Soon Wei Dawson"]
[Result "1-0"]
[WhiteElo "2246"]
[BlackElo "1889"]
[PlyCount "89"]
[EventDate "2016.12.05"]
[EventType "swiss"]
[EventRounds "9"]
[EventCountry "MAS"]
[SourceTitle "CBM 176 Extra"]
[Source "ChessBase"]
[SourceDate "2017.03.02"]
[SourceVersion "1"]
[SourceVersionDate "2017.03.02"]
[SourceQuality "1"]

1. e4 c5 2. Nf3 d6 3. d4 cxd4 4. Nxd4 Nf6 5. f3 a6 6. c4 g6 7. Be3 Bg7 8. Nc3 0-0 9. Qd2 Nc6 10. Be2 Qc7 11. Rc1 Bd7 12. 0-0 Rac8 13. Rfd1 Qb8 14. Bf1 Nxd4 15. Bxd4 b5 16. b3 bxc4 17. Bxc4 Bb5 18. Nxb5 axb5 19. Bf1 Nd7 20. b4 Rxc1 21. Rxc1 f5 22. exf5 Rxf5 23. Bf2 Qf8 24. Rc7 Qe8 25. Qc2 Nf8 26. Rb7 Be5 27. Bxb5 Qf7 28. Be2 g5 29. Rxe7 Qf6 30. Bc4+ d5 31. Bxd5+ Kh8 32. Rf7 Bxh2+ 33. Kxh2 Qh6+ 34. Kg1 Rxd5 35. Rf5 Rd8 36. Qc3+ Kg8 37. Qb3+ Kh8 38. Rd5 Rxd5 39. Qxd5 Ne6 40. b5 g4 41. Qe5+ Kg8 42. fxg4 Qc1+ 43. Kh2 Nf8 44. Qd5+ Kg7 45. Qd4+ 1-0

[Event "Penang op 8th"]
[Site "Penang"]
[Date "2016.12.07"]
[Round "5"]
[White "Sharma, Dinesh Kumar"]
[Black "Tan, Soon Wei Dawson"]
[Result "0-1"]
[WhiteElo "2288"]
[BlackElo "1889"]
[PlyCount "92"]
[EventDate "2016.12.05"]
[EventType "swiss"]
[EventRounds "9"]
[EventCountry "MAS"]
[SourceTitle "CBM 176 Extra"]
[Source "ChessBase"]
[SourceDate "2017.03.02"]
[SourceVersion "1"]
[SourceVersionDate "2017.03.02"]
[SourceQuality "1"]

1. d4 g6 2. e4 Bg7 3. Nc3 c5 4. d5 d6 5. Nf3 Nf6 6. h3 0-0 7. Be2 e6 8. 0-0 exd5 9. exd5 Na6 10. Bg5 Qb6 11. Rb1 Bf5 12. g4 Bd7 13. Nd2 Rfe8 14. Bf3 Nc7 15. Bf4 Bb5 16. Nxb5 Nxb5 17. c3 Bf8 18. a4 Nc7 19. Nc4 Qa6 20. Ne3 b5 21. axb5 Qxb5 22. b4 cxb4 23. Rxb4 Qc5 24. Rc4 Qa5 25. Rc6 Nb5 26. c4 Nc3 27. Qa1 Qxa1 28. Rxa1 Nfe4 29. Rca6 Bg7 30. Kg2 Rab8 31. Rxa7 Bd4 32. R7a3 Nxf2 33. Nc2 Nd3 34. Bd2 Rb2 35. Nxd4 Rxd2+ 36. Kg3 Ne4+ 37. Bxe4 Rxe4 38. Nf3 Re3 39. Rf1 Rc2 40. Ra8+ Kg7 41. g5 Ne5 42. Kf4 Rcc3 43. Nd2 Rxh3 44. Ke4 Rce3+ 45. Kf4 Rd3 46. Rf2 Rh4# 0-1

[Event "Penang op 8th"]
[Site "Penang"]
[Date "2016.12.07"]
[Round "4"]
[White "Tan, Soon Wei Dawson"]
[Black "Yeap, Eng Cheam"]
[Result "1-0"]
[WhiteElo "1889"]
[BlackElo "2124"]
[PlyCount "71"]
[EventDate "2016.12.05"]
[EventType "swiss"]
[EventRounds "9"]
[EventCountry "MAS"]
[SourceTitle "CBM 176 Extra"]
[Source "ChessBase"]
[SourceDate "2017.03.02"]
[SourceVersion "1"]
[SourceVersionDate "2017.03.02"]
[SourceQuality "1"]

1. e4 c5 2. Nf3 a6 3. d4 cxd4 4. Nxd4 e5 5. Nf3 Nf6 6. Nc3 Bb4 7. Bd2 0-0 8. Bc4 d6 9. Qe2 Nc6 10. h3 Be6 11. 0-0 Rc8 12. Bb3 Re8 13. Nd5 Bxd2 14. Nxf6+ Qxf6 15. Qxd2 Bxh3 16. Ng5 Be6 17. Nxe6 fxe6 18. Qxd6 Nd4 19. Rae1 Nxc2 20. Bxc2 Rxc2 21. Re3 Rd8 22. Qb6 Rdd2 23. Qxb7 h6 24. Rf3 Qg6 25. Qa8+ Kh7 26. Rf8 Qh5 27. Rh8+ Kg6 28. Qe8+ Kg5 29. Qxe6 Qg4 30. Qxe5+ Kh4 31. Rf8 Rd1 32. Qg3+ Qxg3 33. fxg3+ Kxg3 34. Rxd1 Rxg2+ 35. Kf1 Rxb2 36. Rd6 1-0

[Event "Penang op 8th"]
[Site "Penang"]
[Date "2016.12.06"]
[Round "3"]
[White "Pham, Minh Hieu"]
[Black "Tan, Soon Wei Dawson"]
[Result "0-1"]
[WhiteElo "2026"]
[BlackElo "1889"]
[PlyCount "66"]
[EventDate "2016.12.05"]
[EventType "swiss"]
[EventRounds "9"]
[EventCountry "MAS"]
[SourceTitle "CBM 176 Extra"]
[Source "ChessBase"]
[SourceDate "2017.03.02"]
[SourceVersion "1"]
[SourceVersionDate "2017.03.02"]
[SourceQuality "1"]

1. e4 g6 2. g3 Bg7 3. Bg2 c5 4. Nc3 Nc6 5. d3 d6 6. Be3 Nf6 7. h3 Nd4 8. Qd2 e5 9. Nce2 0-0 10. c3 Ne6 11. f4 exf4 12. gxf4 Nh5 13. Nf3 f5 14. 0-0-0 Rb8 15. Ng5 b5 16. exf5 Rxf5 17. Be4 Nxg5 18. fxg5 Rf8 19. Bd5+ Kh8 20. h4 Bb7 21. Bxb7 Rxb7 22. Nf4 Nxf4 23. Bxf4 Rbf7 24. Be3 Rf3 25. Rde1 Be5 26. Kb1 Bg3 27. Reg1 Qe8 28. Rxg3 Rxg3 29. Bf4 Qc6 30. Re1 Rf3 31. Re4 Qd5 32. Be3 Rf1+ 33. Kc2 Qxa2 0-1

[Event "Penang op 8th"]
[Site "Penang"]
[Date "2016.12.05"]
[Round "1"]
[White "Pourramezanali, Amirreza"]
[Black "Tan, Soon Wei Dawson"]
[Result "1/2-1/2"]
[WhiteElo "2525"]
[BlackElo "1889"]
[PlyCount "166"]
[EventDate "2016.12.05"]
[EventType "swiss"]
[EventRounds "9"]
[EventCountry "MAS"]
[SourceTitle "CBM 176 Extra"]
[Source "ChessBase"]
[SourceDate "2017.03.02"]
[SourceVersion "1"]
[SourceVersionDate "2017.03.02"]
[SourceQuality "1"]

1. e4 c5 2. c3 d5 3. exd5 Qxd5 4. d4 Nf6 5. Na3 e6 6. Nf3 a6 7. Nc4 Nbd7 8. Be2 Be7 9. 0-0 0-0 10. Nfe5 Nxe5 11. dxe5 Qxd1 12. Rxd1 Nd5 13. Bf3 Rd8 14. Bxd5 exd5 15. Nb6 Rb8 16. Nxd5 Kf8 17. Be3 b6 18. a4 a5 19. Rd2 Be6 20. c4 f5 21. Rad1 Kf7 22. b3 h6 23. f4 Rd7 24. Kf2 Rg8 25. Rd3 Bd8 26. Nc3 Rxd3 27. Rxd3 Be7 28. Nd5 Bd8 29. Nc3 Be7 30. Nb5 Rd8 31. Rxd8 Bxd8 32. Kf3 Bd7 33. Nc3 g5 34. h3 Ke6 35. g3 Be8 36. Bd2 Bh5+ 37. Ke3 g4 38. hxg4 Bxg4 39. Be1 h5 40. Bf2 Kd7 41. Kd2 Ke6 42. Nd5 Bf3 43. Ne3 Bg4 44. Kc3 Bf3 45. Be1 Bg4 46. Kb2 Bf3 47. Bc3 Be4 48. Kc1 Bf3 49. Nc2 Be7 50. Ne1 Be4 51. Kd2 Bd8 52. Nd3 Bxd3 53. Kxd3 Be7 54. Be1 Bd8 55. Bf2 Be7 56. Be3 Bf8 57. Bg1 Be7 58. Bf2 Bf8 59. Kc2 Be7 60. Be3 Bf8 61. b4 axb4 62. Kb3 Kd7 63. a5 bxa5 64. Ka4 Kc6 65. Kxa5 Be7 66. Bc1 Bd8+ 67. Ka6 Bb6 68. Bb2 Bc7 69. Ka7 Bd8 70. Ka6 h4 71. gxh4 Bxh4 72. e6 Kd6 73. Kb5 Bf2 74. Be5+ Kxe6 75. Ka4 Kf7 76. Kb3 Kg6 77. Kc2 Kh5 78. Bb8 Kg4 79. Bd6 Kf3 80. Kb3 Bd4 81. Kc2 Be3 82. Kb3 Bxf4 83. Bxc5 Bd2 1/2-1/2

[Event "Penang op 7th"]
[Site "Penang"]
[Date "2015.12.09"]
[Round "4"]
[White "Gong, Qianyun"]
[Black "Tan, Soon Wei Dawson"]
[Result "0-1"]
[WhiteElo "2317"]
[BlackElo "1837"]
[PlyCount "102"]
[EventDate "2015.12.07"]
[EventType "swiss"]
[EventRounds "9"]
[EventCountry "MAS"]
[SourceTitle "CBM 169 Extra"]
[Source "ChessBase"]
[SourceDate "2015.12.18"]
[SourceVersion "1"]
[SourceVersionDate "2015.12.18"]
[SourceQuality "1"]

1. e4 g6 2. d4 Bg7 3. Nf3 c5 4. dxc5 Qa5+ 5. c3 Qxc5 6. Na3 b6 7. Nb5 d6 8. Be3 Qc6 9. Be2 Bb7 10. Qb3 Nh6 11. Nfd4 Qc8 12. Bc4 0-0 13. Ne6 Nc6 14. Nxg7 Na5 15. Be6 Nxb3 16. Bxc8 Nxa1 17. Bxb7 Nc2+ 18. Ke2 Nxe3 19. Bxa8 Nxg2 20. Bc6 a6 21. Nh5 axb5 22. Bxb5 Rc8 23. a4 f5 24. Ra1 Nh4 25. exf5 N4xf5 26. Ng3 Kf7 27. Ne4 Kg7 28. h3 d5 29. Ng5 e5 30. Rd1 d4 31. Ne4 Nf7 32. f4 exf4 33. cxd4 N7d6 34. Nxd6 Nxd6 35. Bd3 g5 36. Kf2 h5 37. Re1 Kf6 38. Re5 Rg8 39. Rd5 Ke6 40. Re5+ Kf6 41. Be2 g4 42. h4 Nf5 43. Rb5 g3+ 44. Kg1 Nxd4 45. Rxb6+ Ke5 46. Bxh5 f3 47. Bxf3 Nxf3+ 48. Kg2 Nxh4+ 49. Kg1 Nf3+ 50. Kg2 Ne1+ 51. Kg1 g2 0-1